000 01261nam0a22003131 4500
001 rc\4748891
005 20250613072436.0
010 _bВ пер.
_d39 к.
_975000
021 _aRU
_b[67-52995]
035 _a(NLR Aleph) 009009231
090 _a9356707
_c9356707
100 _a20130417d1967 |||y0rusy50 ca
101 0 _arus
102 _aRU
105 _aa z |||a|
200 1 _aБольшой рейс
_eповесть
_fК. Ларионова
_g[иллюстрации: А.И. Щербаков]
210 _aМосква
_cСоветский писатель
_d1967
215 _a247 с.
_cил.
_d17
606 _aСоциалистическое строительство
_yСибирь Северо-Западная
_91665133
_3RU\NLR\AUTH\661036799
606 _aШоферы
_xХудожественная литература
_yСССР
_91941830
_3RU\NLR\AUTH\661175489
686 1 _aШ6(2=Р)73-44
700 1 _7ca
_8rus
_aЛарионова
_bК. М.
_f1909-
_gКлара Максимовна
_9249590
_3RU\NLR\AUTH\770249646
702 1 _aЩербаков
_bА. И.
_cхудожник
_gАлександр И.
_4440
801 0 _aRU
_bNLR
_gpsbo
801 1 _aRU
_bELAR
_2rusmarc
852 _aNLR
_j67-2/1921
942 _cBOOK
980 _aNB